| 000 | 00617cam a2200217 a 4500 | ||
|---|---|---|---|
| 020 | _a0070487855 | ||
| 020 | _a0071158286 (international student ed.) | ||
| 040 | _cDLC | ||
| 082 | 0 | 0 | _a305 HIL 1998 A065 Or. |
| 100 | 1 | _aPapalia, Diane E. | |
| 245 | 1 | 2 |
_aA child's world : _binfancy through adolescence / |
| 250 | _a8th ed. | ||
| 260 |
_aBoston : _bMcGraw-Hill, _c1998. |
||
| 300 |
_axxx, 702 p. : _bill. (chiefly col.) ; _c28 cm. |
||
| 650 | 0 | _aChild development. | |
| 650 | 0 | _aChild psychology. | |
| 650 | 0 | _aAdolescence. | |
| 700 | 1 | _aOlds, Sally Wendkos. | |
| 700 | 1 | _aFeldman, Ruth Duskin. | |
| 942 | _cEK | ||
| 999 |
_c14277 _d14277 |
||